| 000 | 02143nam a2200373 a 4500 | ||
|---|---|---|---|
| 001 | ebr10363920 | ||
| 003 | CaPaEBR | ||
| 006 | m u | ||
| 007 | cr cn||||||||| | ||
| 008 | 080530s2008 ne sb 001 0 eng | ||
| 010 | _z 2008023353 | ||
| 020 | _z9789004165557 (hardback : alk. paper) | ||
| 020 | _z900416555X (hardback : alk. paper) | ||
| 040 |
_aCaPaEBR _cCaPaEBR |
||
| 035 | _a(OCoLC)562640522 | ||
| 043 |
_aa------ _af------ |
||
| 050 | 1 | 4 |
_aK3242 _b.H37 2008eb |
| 082 | 0 | 4 |
_a341.4/8091767 _222 |
| 100 | 1 | _aHashemi, Kamran. | |
| 245 | 1 | 0 |
_aReligious legal traditions, international human rights law and Muslim states _h[electronic resource] / _cby Kamran Hashemi. |
| 260 |
_aLeiden ; _aBoston : _bMartinus Nijhoff Publishers, _c2008. |
||
| 300 | _axiii, 283 p. | ||
| 490 | 1 |
_aStudies in religion, secular beliefs, and human rights, _x1871-7829 ; _vv. 7 |
|
| 504 | _aIncludes bibliographical references (p. [267]-279) and index. | ||
| 505 | 0 | _aMuslim legal traditions of apostasy and relevant human rights law -- Current application of traditional rules of conversion and proselytizing -- Current application of traditional rules of blasphemy (sabb) -- Current application of traditional rules of heresy -- Muslim legal traditions of dhimmah and relevant human rights law -- Current application of public aspects of dhimmah -- Current application of personal aspects of dhimmah -- Implementation of the Convention on the Rights of the Child by Muslim states. | |
| 533 |
_aElectronic reproduction. _bPalo Alto, Calif. : _cebrary, _d2013. _nAvailable via World Wide Web. _nAccess may be limited to ebrary affiliated libraries. |
||
| 650 | 0 |
_aDiscrimination _xLaw and legislation _zIslamic countries. |
|
| 650 | 0 |
_aHuman rights _zIslamic countries. |
|
| 650 | 0 |
_aDhimmis (Islamic law) _xLegal status, laws, etc. _zIslamic countries. |
|
| 655 | 7 |
_aElectronic books. _2local |
|
| 710 | 2 | _aebrary, Inc. | |
| 830 | 0 |
_aStudies in religion, secular beliefs, and human rights ; _vv. 7. |
|
| 856 | 4 | 0 |
_uhttp://site.ebrary.com/lib/rucke/Doc?id=10363920 _zAn electronic book accessible through the World Wide Web; click to view |
| 999 |
_c215157 _d215157 |
||